Adhunika Kannada sahitya charitre : Mumbelagu samputa 1 (Record no. 241507)

MARC details
000 -LEADER
fixed length control field 05489nam a22002297a 4500
005 - DATE AND TIME OF LATEST TRANSACTION
control field 20260701163510.0
008 - FIXED-LENGTH DATA ELEMENTS--GENERAL INFORMATION
fixed length control field 260616b |||||||| |||| 00| 0 eng d
040 ## - CATALOGING SOURCE
Transcribing agency AL
041 ## - LANGUAGE CODE
Language code of text/sound track or separate title kan
082 ## - DEWEY DECIMAL CLASSIFICATION NUMBER
Classification number K894.8
Item number NAVA
100 ## - MAIN ENTRY--PERSONAL NAME
Personal name A V Navada Ed
100 ## - MAIN ENTRY--PERSONAL NAME
9 (RLIN) 266116
100 ## - MAIN ENTRY--PERSONAL NAME
Dates associated with a name ನಾವಡ ಎ ವಿ Ed
9 (RLIN) 265667
245 ## - TITLE STATEMENT
Title Adhunika Kannada sahitya charitre : Mumbelagu samputa 1
Remainder of title ಆಧುನಿಕ ಕನ್ನಡ ಸಾಹಿತ್ಯ ಚರಿತ್ರೆ ಮುಂಬೆಳಗು
260 ## - PUBLICATION, DISTRIBUTION, ETC.
Place of publication, distribution, etc. Bengaluru
Name of publisher, distributor, etc. Kannada Sahitya Parishattu
Date of publication, distribution, etc. 2015
300 ## - PHYSICAL DESCRIPTION
Extent xix,737p
Other physical details HB
Dimensions 22.5x14.5cm
365 ## - TRADE PRICE
Source of price type code Kannada
Price type code AM-000007
Price amount ₹320.00
Currency code
Unit of pricing ₹400.00
Price note 20%
Price effective from 11-05-2026
440 ## - SERIES STATEMENT/ADDED ENTRY--TITLE
Number of part/section of a work Vol 1
9 (RLIN) 266114
520 ## - SUMMARY, ETC.
Summary, etc. ಪ್ರೊ. ಎ.ವಿ. ನಾವಡ ಅವರು ಸಂಪಾದಿಸಿರುವ, ಕನ್ನಡ ಸಾಹಿತ್ಯ ಪರಿಷತ್ತು ಪ್ರಕಟಿಸಿರುವ 'ಮುಂಬೆಳಗು' (ಆಧುನಿಕ ಕನ್ನಡ ಸಾಹಿತ್ಯ ಚರಿತ್ರೆ - ಸಂಪುಟ ೧) ಕೃತಿಯು ಆಧುನಿಕ ಕನ್ನಡ ಸಾಹಿತ್ಯದ ಉಗಮ ಮತ್ತು ವಿಕಾಸವನ್ನು ದಾಖಲಿಸುವ ಒಂದು ಅತ್ಯಂತ ಮಹತ್ವದ ಸಂಶೋಧನಾ ಗ್ರಂಥವಾಗಿದೆ.ಈ ಬೃಹತ್ ಕೃತಿಯ ಸಮಗ್ರ ಸಾರಾಂಶ ಇಲ್ಲಿದೆ:ಪರಿಕಲ್ಪನೆ ಮತ್ತು ಶೀರ್ಷಿಕೆಯ ಮಹತ್ವಮುಂಬೆಳಗು ಎಂದರೆ: 'ಮುಂಜಾವಿನ ಬೆಳಕು' ಅಥವಾ 'ಅರುಣೋದಯ' ಎಂದರ್ಥ.ಹಿನ್ನೆಲೆ: ಕನ್ನಡ ಸಾಹಿತ್ಯ ಲೋಕದಲ್ಲಿ 'ನವೋದಯ' (ನವ ಜಾಗೃತಿ) ಕಾಲ ಆರಂಭವಾಗುವ ಮುನ್ನ, ಅಂದರೆ ೧೯ನೇ ಶತಮಾನ ಮತ್ತು ೨೦ನೇ ಶತಮಾನದ ಆರಂಭದಲ್ಲಿ ನಡೆದ ಸಿದ್ಧತೆಗಳನ್ನು ಈ ಕೃತಿ ವಿವರಿಸುತ್ತದೆ. ಹಾಗಾಗಿ ಇದನ್ನು ಆಧುನಿಕ ಸಾಹಿತ್ಯದ 'ಮುಂಜಾವಿನ ಬೆಳಕು' ಎಂದು ಕರೆಯಲಾಗಿದೆ.<br/>ಪ್ರಮುಖ ಸಾಹಿತ್ಯಿಕ ಮತ್ತು ಭಾಷಾ ವೈಶಿಷ್ಟ್ಯಗಳು೧. ಪಾಶ್ಚಾತ್ಯ ಮಿಷನರಿಗಳ ಮತ್ತು ವಿದ್ವಾಂಸರ ಕೊಡುಗೆವಿಲಿಯಂ ಕ್ಯಾರಿ, ಹರ್ಮನ್ ಮೊಗ್ಲಿಂಗ್, ಫ್ರಾನ್ಸಿಸ್ ವೈಟ್ ಎಲ್ಲಿಸ್ ಮುಂತಾದ ಪಾಶ್ಚಾತ್ಯ ವಿದ್ವಾಂಸರು ಕನ್ನಡ ಭಾಷೆಗೆ ನೀಡಿದ ಕೊಡುಗೆಗಳನ್ನು ಈ ಸಂಪುಟ ದಾಖಲಿಸಿದೆ.ದ್ರಾವಿಡ ಭಾಷೆಗಳು ಸಂಸ್ಕೃತಕ್ಕಿಂತ ಭಿನ್ನ ಹಾಗೂ ಸ್ವತಂತ್ರ ಭಾಷಾ ಕುಟುಂಬಕ್ಕೆ ಸೇರಿದವು ಎಂಬ ಐತಿಹಾಸಿಕ ಸತ್ಯವನ್ನು ಗುರುತಿಸಿದ ಘಟ್ಟವನ್ನು ಇದು ವಿಶ್ಲೇಷಿಸುತ್ತದೆ.೨. ಹಳಗನ್ನಡದಿಂದ ಹೊಸಗನ್ನಡದ ಕಡೆಗೆ ಸ್ಥಿತ್ಯಂತರಕಾವ್ಯ ಪ್ರಧಾನವಾಗಿದ್ದ ಹಳಗನ್ನಡದ ಚೌಕಟ್ಟಿನಿಂದ ಭಾಷೆಯು ಗದ್ಯ ಪ್ರಧಾನವಾದ ಹೊಸಗನ್ನಡಕ್ಕೆ ಬದಲಾದ ಸಂಕ್ರಮಣ ಕಾಲವನ್ನು ಕೃತಿ ಚಿತ್ರಿಸುತ್ತದೆ.ರಾಜರ ಆಸ್ಥಾನದಿಂದ ಹೊರಬಂದು, ಸಾಮಾನ್ಯ ಜನರಿಗೆ ಅರ್ಥವಾಗುವ ಸರಳ ಭಾಷೆಯಲ್ಲಿ ಸಾಹಿತ್ಯ ಸೃಷ್ಟಿಯಾಗಲು ಆರಂಭವಾದ ಕಾಲಘಟ್ಟವಿದು.<br/>೩. ಪತ್ರಿಕೋದ್ಯಮ ಮತ್ತು ಮುದ್ರಣದ ಉಗಮಹರ್ಮನ್ ಮೊಗ್ಲಿಂಗ್ ಆರಂಭಿಸಿದ ಮೊದಲ ಕನ್ನಡ ಪತ್ರಿಕೆ 'ಮಂಗಳೂರು ಸಮಾಚಾರ' ಸೇರಿದಂತೆ ಆರಂಭಿಕ ಪತ್ರಿಕೆಗಳು ಭಾಷೆಯನ್ನು ಜನಸಾಮಾನ್ಯರಿಗೆ ತಲುಪಿಸಿದ ಬಗೆಯನ್ನು ಕೃತಿ ವಿವರಿಸುತ್ತದೆ.ಮುದ್ರಣ ಯಂತ್ರಗಳ (Printing Press) ಆಗಮನದಿಂದಾಗಿ ಪಠ್ಯಪುಸ್ತಕಗಳು, ನಿಘಂಟುಗಳು ಮತ್ತು ವ್ಯಾಕರಣ ಗ್ರಂಥಗಳು ಸಿದ್ಧಗೊಂಡು ಕನ್ನಡ ಭಾಷೆಗೆ ಸಾಂಸ್ಥಿಕ ರೂಪ ಸಿಕ್ಕಿದ್ದನ್ನು ಇದು ಚರ್ಚಿಸುತ್ತದೆ.೪. ಕನ್ನಡ ಭಾಷಾಶಾಸ್ತ್ರದ ಬೆಳವಣಿಗೆಗಾಟ್‌ಫ್ರೈಡ್ ವೀಗ್ಲೆ ಅವರಂತಹ ಭಾಷಾತಜ್ಞರು ಕನ್ನಡ ವ್ಯಾಕರಣದ ಸೂಕ್ಷ್ಮತೆಗಳನ್ನು, ಲಿಂಗ ವ್ಯವಸ್ಥೆಯನ್ನು ಹಾಗೂ ಪ್ರತ್ಯಯಗಳ ಬಳಕೆಯನ್ನು ಶಾಸ್ತ್ರೀಯವಾಗಿ ಗುರುತಿಸಿದ ಸಂಶೋಧನಾ ಬರಹಗಳು ಈ ಸಂಪುಟದಲ್ಲಿವೆ.
650 ## - SUBJECT ADDED ENTRY--TOPICAL TERM
Topical term or geographic name entry element Kannada Literature
9 (RLIN) 265668
650 ## - SUBJECT ADDED ENTRY--TOPICAL TERM
Topical term or geographic name entry element Prelude to modern Kannada Literary History
9 (RLIN) 265669
942 ## - ADDED ENTRY ELEMENTS (KOHA)
Source of classification or shelving scheme Dewey Decimal Classification
Koha item type Book
Holdings
Withdrawn status Lost status Source of classification or shelving scheme Damaged status Not for loan Collection code Home library Current library Shelving location Date acquired Source of acquisition Cost, normal purchase price Total Checkouts Full call number Barcode Date last seen Cost, replacement price Price effective from Koha item type
    Dewey Decimal Classification     Kannada St Aloysius Library St Aloysius Library Stack Section 05/19/2026 Navakarnataka Publications Pvt Ltd Mangaluru-575001 320.00   K894.8 NAVA 078210 06/16/2026 400.00 05/11/2026 Book